<?xml version="1.0" encoding="UTF-8"?>
<record
    xmlns:xsi="http://www.w3.org/2001/XMLSchema-instance"
    xsi:schemaLocation="http://www.loc.gov/MARC21/slim http://www.loc.gov/standards/marcxml/schema/MARC21slim.xsd"
    xmlns="http://www.loc.gov/MARC21/slim">

  <leader>00431nam a22001697a 4500</leader>
  <controlfield tag="003">OSt</controlfield>
  <controlfield tag="005">20250723142041.0</controlfield>
  <controlfield tag="008">250723b        |||||||| |||| 00| 0 eng d</controlfield>
  <datafield tag="020" ind1=" " ind2=" ">
    <subfield code="a">0618374205</subfield>
  </datafield>
  <datafield tag="040" ind1=" " ind2=" ">
    <subfield code="c">Chuka University Library</subfield>
  </datafield>
  <datafield tag="100" ind1=" " ind2=" ">
    <subfield code="a">Boswell Larson</subfield>
    <subfield code="9">20340</subfield>
  </datafield>
  <datafield tag="245" ind1=" " ind2=" ">
    <subfield code="a">Algebra 1</subfield>
  </datafield>
  <datafield tag="260" ind1=" " ind2=" ">
    <subfield code="a">United  States of America</subfield>
    <subfield code="b">McDougal Littell</subfield>
    <subfield code="c">2004</subfield>
  </datafield>
  <datafield tag="300" ind1=" " ind2=" ">
    <subfield code="a">846P</subfield>
  </datafield>
  <datafield tag="650" ind1=" " ind2=" ">
    <subfield code="a">1.Algebra</subfield>
    <subfield code="9">9488</subfield>
  </datafield>
  <datafield tag="942" ind1=" " ind2=" ">
    <subfield code="2">lcc</subfield>
    <subfield code="c">BK</subfield>
    <subfield code="n">0</subfield>
  </datafield>
  <datafield tag="952" ind1=" " ind2=" ">
    <subfield code="0">0</subfield>
    <subfield code="1">0</subfield>
    <subfield code="2">lcc</subfield>
    <subfield code="4">0</subfield>
    <subfield code="7">0</subfield>
    <subfield code="8">LGL</subfield>
    <subfield code="a">CHK</subfield>
    <subfield code="b">CHG</subfield>
    <subfield code="c">GEN</subfield>
    <subfield code="d">2025-07-23</subfield>
    <subfield code="e">donations</subfield>
    <subfield code="l">0</subfield>
    <subfield code="o">QA 154.2 .A44 2004 C.1</subfield>
    <subfield code="p">27374/2025</subfield>
    <subfield code="r">2025-07-23 14:22:44</subfield>
    <subfield code="t">1</subfield>
    <subfield code="w">2025-07-23</subfield>
    <subfield code="y">BK</subfield>
  </datafield>
  <datafield tag="952" ind1=" " ind2=" ">
    <subfield code="0">0</subfield>
    <subfield code="1">0</subfield>
    <subfield code="2">lcc</subfield>
    <subfield code="4">0</subfield>
    <subfield code="7">0</subfield>
    <subfield code="8">LGL</subfield>
    <subfield code="a">CHK</subfield>
    <subfield code="b">CHG</subfield>
    <subfield code="c">GEN</subfield>
    <subfield code="d">2025-07-23</subfield>
    <subfield code="e">donations</subfield>
    <subfield code="l">0</subfield>
    <subfield code="o">QA 154.2 .A44 2004 C.2</subfield>
    <subfield code="p">27373/2025</subfield>
    <subfield code="r">2025-07-23 14:24:59</subfield>
    <subfield code="t">2</subfield>
    <subfield code="w">2025-07-23</subfield>
    <subfield code="y">BK</subfield>
  </datafield>
  <datafield tag="999" ind1=" " ind2=" ">
    <subfield code="c">19861</subfield>
    <subfield code="d">19861</subfield>
  </datafield>
</record>
